Odhalia tabuľu kňazom

Bibliographic Details
Format: Article
Language:Slovak
ISSN:1335-4566
Subjects:

MARC

LEADER 00000nab a2200000 a 4500
001 vtls009277934
003 SK-MaSNL
005 20260303052453.0
008 171108 20080302xo dr er 000 0 slo
038 |a KEVKJB 
040 |a KEVKJB  |b slo  |c KEVKJB  |e AACR2 
041 0 |a slo 
044 |a xo  |c SK 
080 |a 282  |2 2001 
080 |a 725.94  |2 2001 
245 0 0 |a Odhalia tabuľu kňazom  |c [autor] (sam) 
610 2 7 |a Dóm sv. Alžbety (Košice, Slovensko)  |2 kevkjb  |9 34070 
650 0 7 |a pamätné tabule  |2 kevkjb  |9 29445 
651 7 |a Košice (Slovensko)  |2 kevkjb  |9 18694 
773 0 |t Košický Korzár  |g Roč. XI, č. 68 (20.3.2008), s. 4  |x 1335-4566 
852 |a KEVKJB  |b KIS3GCP 
999 |c 1715439  |d 1717369